|
|
|
|
| LEADER |
000000sb a2200000 a 4500 |
| 005 |
20230308203820.0 |
| 008 |
000072| ||||||||r|||||||||||spa|| |
| 022 |
|
|
|a 1138-7750
|
| 040 |
|
|
|b spa
|
| 041 |
0 |
|
|a Es
|
| 082 |
0 |
|
|a 617.605
|b 29807-2
|
| 100 |
1 |
|
|a Cabré, Salsench
|9 279119
|
| 245 |
|
|
|a Papel del odontólogo en la sociedad actual: editorial
|c J. Salsench Cabré
|h imp
|
| 264 |
|
|
|a Barcelona
|b Board
|c 2000
|
| 300 |
|
|
|a páginas: 7
|
| 300 |
|
|
|b ilus.
|
| 310 |
|
|
|a Bimestral
|
| 362 |
|
|
|a 3; 2
|
| 520 |
3 |
|
|a El odontólogo debe proporcionar cultura dental a sus pacientes, de forma que los implique decididamente en el mantenimiento de su salud bucodental.
|
| 650 |
1 |
|
|a Odontologia
|
| 710 |
|
|
|a The Journal of the American Dental Association
|9 278768
|
| 773 |
0 |
|
|0 29807
|9 29807
|a Cabré, Salsench The Journal of the American Dental Association
|d Barcelona Board 2000
|o 29807
|w 29807
|x 1138-7750
|t JADA
|6 29807
|
| 852 |
|
|
|a UC-SALUD
|c HEMEROTECA
|f Compra
|k luis.contrerase
|l 1
|m General
|p 20000721
|q $ 94
|b 0
|d CDRS
|e CDRS
|g 617.605 29807-2 HEMEROTECA
|z 2000-00-72
|
| 942 |
|
|
|c SERA
|
| 999 |
|
|
|c 107037
|d 107037
|